Elements of Style (Record no. 923522)

MARC details
000 -LEADER
fixed length control field 00239nam a2200097Ia 4500
008 - FIXED-LENGTH DATA ELEMENTS--GENERAL INFORMATION
fixed length control field 231107s1994 xx 000 0 und d
041 ## - LANGUAGE CODE
Language code of text/sound track or separate title eng
100 ## - MAIN ENTRY--PERSONAL NAME
Personal name Calloway S.
245 ## - TITLE STATEMENT
Title Elements of Style
260 ## - PUBLICATION, DISTRIBUTION, ETC.
Name of publisher, distributor, etc. Octopus Publishing Group
Date of publication, distribution, etc. 1994
Holdings
Withdrawn status Lost status Damaged status Not for loan Home library Current library Date acquired Cost, normal purchase price Total Checkouts Barcode Date last seen Price effective from Koha item type
        College of Architecture, Navi Mumbai College of Architecture, Navi Mumbai 08/11/2023 2650.00   ARM-A-1894 08/11/2023 08/11/2023 Book